Foreign investments in Asia : a survey of problems and prospects in the 1970s

Salvato in:
Dettagli Bibliografici
Autore principale: Kapoor, Ashok
Natura: Libro
Lingua:Undetermined
Pubblicazione: Princeton, N.J. Darwin Press 1972
Soggetti:
Tags: Aggiungi Tag
Nessun Tag, puoi essere il primo ad aggiungerne! !
Thư viện lưu trữ: Trung tâm Học liệu Trường Đại học Cần Thơ
LEADER 00596nam a2200205Ia 4500
001 CTU_92820
008 210402s9999 xx 000 0 und d
082 |a 332.673 
082 |b K17 
100 |a Kapoor, Ashok 
245 0 |a Foreign investments in Asia : 
245 2 |b a survey of problems and prospects in the 1970s 
245 0 |c A. Kapoor, with the assistance of James E. Cotten 
260 |a Princeton, N.J. 
260 |b Darwin Press 
260 |c 1972 
650 |a Investments, foreign 
650 |z Asia 
904 |i Năm 
980 |a Trung tâm Học liệu Trường Đại học Cần Thơ